Der vokalismus des vulgärlateins / (Record no. 164972)
[ view plain ]
| 000 -LEADER | |
|---|---|
| campo de control de longitud fija | 00617nam a22001695i 4500 |
| 001 - NÚMERO DE CONTROL | |
| campo de control | 164972 |
| 003 - IDENTIFICADOR DE NÚMERO DE CONTROL | |
| campo de control | ES-MaACL |
| 005 - FECHA Y HORA DE LA ÚLTIMA TRANSACCIÓN | |
| campo de control | 20230906213037.0 |
| 008 - DATOS DE LONGITUD FIJA--INFORMACIÓN GENERAL | |
| campo de control de longitud fija | 030625m18661867gw |||| | ger d |
| 040 ## - FUENTE DE CATALOGACIÓN | |
| Centro catalogador/agencia de origen | CAM |
| Lengua de catalogación | spa |
| Centro/agencia transcriptor | CAM |
| 100 1# - ENTRADA PRINCIPAL--NOMBRE DE PERSONA | |
| Nombre de persona | Schuchardt, Hugo. |
| 9 (RLIN) | 104734 |
| 245 13 - MENCIÓN DEL TÍTULO | |
| Título | Der vokalismus des vulgärlateins / |
| Mención de responsabilidad, etc. | von Hugo Schuchardt. |
| 260 ## - PUBLICACIÓN, DISTRIBUCIÓN, ETC. | |
| Lugar de publicación, distribución, etc. | Leipzig : |
| Nombre del editor, distribuidor, etc. | Druck und Verlag von B.G. Teubner, |
| Fecha de publicación, distribución, etc. | 1866-1867. |
| 300 ## - DESCRIPCIÓN FÍSICA | |
| Extensión | 3 v. (XII, 476; 530; IV, 356 p.) ; |
| Dimensiones | 22 cm. |
| 650 #4 - PUNTO DE ACCESO ADICIONAL DE MATERIA--TÉRMINO DE MATERIA | |
| Término de materia o nombre geográfico como elemento de entrada | Lengua latina- |
| Subdivisión general | Gramática. |
| 9 (RLIN) | 14300 |
| 852 ## - LOCALIZACIÓN | |
| Ubicación | ES-MaACL |
| Número de control de estantería | G-1485-1487 |
| Nota libre | -- Enc. hol. |
| Encuadernación | -- Edic.: T.I, 1866 - T.II, 1867 - T.III, 1868 |
| Estatus retirado | Estado de pérdida | Estado de daño | No para préstamo | Colección | Biblioteca de origen | Biblioteca actual | Ubicación en estantería | Fecha de adquisición | Fuente de adquisición | Total de préstamos | Signatura topográfica completa | Código de barras | Visto por última vez | Precio de reemplazo | Tipo de ítem Koha |
|---|---|---|---|---|---|---|---|---|---|---|---|---|---|---|---|
| Libros del s. XIX | Biblioteca del Ateneo de Madrid | Biblioteca del Ateneo de Madrid | Depósito 2 | 17/01/2008 | G-1485-1487 | 1172939 | 23/02/2023 | 23/02/2023 | Libro impreso antiguo |
